| Registos Bibliográficos associados ao registo de autoridade |
|
Etiqueta de registo: 00000nkm 2200025 450 001 2272776 003 http://id.bnportugal.gov.pt/bib/catbnp/2272776 100 ## $a20260226d1982 m y0pory01030103ba 101 0# $apor 102 ## $aPT 200 1# $a1.ª Semana da Banda Desenhada, Amora, de 29 novembro a 5 dezembro 82$bVisual gráfico]$fJunta de Freguesia de Amora$gZribeiro 210 #9 $aAmora$cJunta de Freguesia de Amora,$d1982 215 ## $a1 cartaz$ccolor.$d59,3x42,1 cm 317 ## $aColeção Madeira Luís 702 #1 $aRibeiro,$bJosé$4440$3284756 710 01 $aSemana da Banda Desenhada,$d1,$eAmora,$f1982$31994052 712 01 $aSeixal.$bJunta de Freguesia de Amora$4557$346850 801 #0 $aPT$bBN$gRPC 966 ## $lBN$mICONOG$sCT. 22630 A.$x3 971 ## $cCaticonografia5$d20260226 995 ## $aPRR2026
|
|
|